Statistics for All Different Pikmin

Click here to take the quiz!

General Stats

  • This quiz has been taken 31 times
  • The average score is 10 of 10

Answer Stats

HintAnswer% Correct
PikminBlue Pikmin
100%
Pikmin 2Purple Pikmin
100%
PikminRed Pikmin
100%
PikminYellow Pikmin
100%
Pikmin 3Rock Pikmin
97%
Pikmin 2White Pikmin
97%
Pikmin 4Glow Pikmin
93%
Pikmin 4Ice Pikmin
93%
Pikmin 3Winged Pikmin
93%
Pikmin 2Bulbmin
83%

Score Distribution

Percentile by Number Answered

Percent of People with Each Score

Your Score History

You have not taken this quiz